000 00517ntaaa2200181 4500
003 01
005 20251027202424.0
008 0714s1973 ag 01
040 _aAR-BaBN
_bspa
_cAR-BaBN
_eaacr
_dRIC
082 _a289.9000 Es1e
245 _aEs la Biblia realmente la palabra de Dios?
250 _a1 ed.
260 _aNew York :
_bWatchtower Bible and Tract Society,
_c1969
300 _a190 p ;
_cilu. : 16 cm
500 _aContiene referencias bibliograficas
650 _asectas-testigos de Jehová
942 _cBK
999 _c19169
_d19169